Communes de Brière - Statistiques

Statistiques générales
  • Ce quiz a été pris 28 fois
  • Le résultat moyen est 13 sur 21
Statistiques - réponses
Hint Réponse % Correct
19 Saint-Nazaire
95%
15 Saint-Joachim
90%
21 Trignac
90%
7 Guérande
85%
14 Saint-André-des-Eaux
85%
11 Montoir-de-Bretagne
80%
8 Herbignac
75%
4 La Chapelle-des-Marais
70%
12 Pontchâteau
65%
16 Saint-Lyphard
65%
17 Saint-Malo-de-Guersac
65%
5 Crossac
60%
6 Donges
60%
1 Assérac
50%
3 Besné
50%
2 La Baule-Escoublac
45%
10 Missillac
45%
20 Sainte-Reine-de-Bretagne
40%
9 Mesquer
35%
18 Saint-Molf
30%
13 Prinquiau
25%
Aucun quiz correspondant
Distribution des résultats
% des personnes avec chaque résultat
Percentile par nombre de réponses
Votre historique - résultats
Vous n’avez pas pris ce quiz